| 000 | 00361nam a2200133Ia 4500 | ||
|---|---|---|---|
| 008 | 191201s2018 xx 000 0 und d | ||
| 082 | _a572.3 MAB | ||
| 100 | _aMAHURKAR, Nitin | ||
| 245 | 0 | _aBiochemistry and clinical pathology | |
| 260 |
_bBirla Pub _aNew delhi _c2018 |
||
| 300 | _a192 | ||
| 650 | _aApplied Biochemistry & Clinical Chemistry | ||
| 942 |
_2ddc _cBK |
||
| 999 |
_c8256 _d8256 |
||